01220cam a22003854i 4500003000900000005001700009008004100026020001400067020001800081035002000099040003300119082002000152100002900172245005300201264005500254300004200309336002100351337002500372338002300397504003900420504003300459505020500492526001000697526001000707526001000717526001000727526000800737526000800745526000800753526000800761526000800769526000800777526000800785650004100793PE-LiUPU20250731173114.0190312s2004 xxu rb 001 0 eng d a022606717 a9780226067179 a(Sirsi) a251936 aPE-LiUPUbspacPE-LiUPUerda04a299.21bB762211 aBottéro, Jean,eautor.10aReligion in ancient Mesopotamia /cJean Bottero. 1aChicago :bThe University of Chicago Press,c2004. ax, 246 páginas ;c23 centímetros. atext2rdacontent aunmediated2rdamedia avolume2rdacarrier aBibliografía: páginas 233-235. aÍndice: páginas 237-246.0 aReligion and religions -- Mesopotamia and its history -- The sources: what we can expect from them -- Religious sentiment -- Religious representations -- Religious behavior -- Influence and survivals. aSEG42 aSEG41 aSEG40 aSEG39 aP94 aP87 aP86 aP85 aP77 aP76 aP3504aReligion.2fast0(OCoLC)fst01093763.